000 00805nam a2200229Ia 4500
001 9075
003 GE_BSU
008 181216s||||||||xx |||||||||||||| ||und||
040 _cGE_BSU
080 _a821.353.1-1+821.353.1-31
100 _aლისაშვილი,იაკინთე
245 _aთხზულებანი:ორტომეული. ტ.1
245 _bტ.1. რომანები;მოთხრობები.
245 _cრედ:ც.ბუაჩიძე;მხატვ:თ.ფანიაშვილი
260 _aთბილისი.
260 _bსაბჭ.საქართველო
260 _c1960.
300 _a500გვ;21სმ.
653 _aმოთხრობები.
653 _aრომანები;
942 _cBK
999 _c42379
_d42379